000
00261nam a2200097Ia 4500
001
1170234
005
20251202150115.0
008
250824s9999 xx 000 0 und d
245
0
_a
HERKESE BİRAZ BAHAR GEREK
_c
AHMET MELİH KARAUĞUZ
260
_b
KETEBE YAYINLARI
999
_c
1170234
_d
1170234